[Event "Riga Technical University Open"]
[Site "Riga LAT"]
[Date "2013.08.08"]
[EventDate "2013.08.05"]
[Round "6.2"]
[Result "1/2-1/2"]
[White "Mikhail Antipov"]
[Black "Bartosz Socko"]
[WhiteElo "2488"]
[BlackElo "2646"]
[PlyCount "77"]

1. e4 e6 2. d4 d5 3. Nd2 Nf6 4. e5 Nfd7 5. Bd3 c5 6. c3 Nc6
7. Ngf3 Qb6 8. O-O cxd4 9. cxd4 Nxd4 10. Nxd4 Qxd4 11. Nf3 Qb6
12. Qa4 Qb4 13. Qc2 Qc5 14. Qe2 Qb6 15. Be3 Bc5 16. Rac1 Bxe3
17. fxe3 f5 18. exf6 Nxf6 19. Ne5 O-O 20. Qe1 Qxb2 21. Qg3 Bd7
22. Rc2 Qa3 23. Rcf2 Qe7 24. Qh4 Rae8 25. Rf3 Bc6 26. Rh3 h6
27. Rg3 Nd7 28. Rxf8+ Nxf8 29. Qxh6 Rd8 30. Qf4 Be8 31. Ng4 e5
32. Nh6+ Kh8 33. Qg4 e4 34. Nf5 Qf6 35. Be2 Bg6 36. Nd4 Bf7
37. Nf5 Bg6 38. Nd4 Bf7 39. Nf5 1/2-1/2

[Event "Riga Technical University Open"]
[Site "Riga LAT"]
[Date "2013.08.09"]
[EventDate "2013.08.05"]
[Round "7.2"]
[Result "1/2-1/2"]
[White "Yuri Vovk"]
[Black "Mikhail Antipov"]
[WhiteElo "2608"]
[BlackElo "2488"]
[PlyCount "101"]

1. d4 Nf6 2. c4 c6 3. Nc3 d5 4. Nf3 e6 5. Bg5 Nbd7 6. e3 Qa5
7. cxd5 Nxd5 8. Rc1 Nxc3 9. bxc3 Ba3 10. Rc2 O-O 11. Bd3 e5
12. O-O Re8 13. e4 Be7 14. Be3 Qc7 15. h3 b5 16. Nh2 Bb7
17. f4 c5 18. fxe5 c4 19. Be2 Bxe4 20. Rb2 Qc6 21. Bh5 Rf8
22. Ng4 f5 23. exf6 Nxf6 24. Ne5 Qd5 25. Bg5 h6 26. Bh4 Nxh5
27. Bxe7 Rxf1+ 28. Qxf1 Re8 29. Bc5 Kh7 30. Rxb5 Re6 31. Ra5
a6 32. Bb4 Qb7 33. Qe2 Nf4 34. Qg4 Rf6 35. Nd7 Rf7 36. Nc5 Qc6
37. Rxa6 Qd5 38. Nxe4 Qxe4 39. Kh2 Rf5 40. Ra5 Rf6 41. Qf3 Qc2
42. Kh1 Ne2 43. Qe3 Nf4 44. Qf3 Rg6 45. g4 Qc1+ 46. Kh2 Qd2+
47. Kh1 Qe1+ 48. Kh2 Qd2+ 49. Kh1 Qc1+ 50. Kh2 Qd2+ 51. Kh1
1/2-1/2

[Event "Riga Technical University Open"]
[Site "Riga LAT"]
[Date "2013.08.11"]
[EventDate "2013.08.05"]
[Round "9.4"]
[Result "1/2-1/2"]
[White "Mikhail Antipov"]
[Black "Vladimir Burmakin"]
[WhiteElo "2488"]
[BlackElo "2565"]
[PlyCount "70"]

1. e4 g6 2. d4 Bg7 3. Nf3 d6 4. c3 Nf6 5. Bd3 O-O 6. O-O c5
7. h3 Nfd7 8. Be3 Nc6 9. d5 Nce5 10. Nxe5 Nxe5 11. Be2 a6
12. a4 b6 13. Nd2 Qc7 14. Qe1 Rb8 15. f4 Nd7 16. f5 Ne5
17. Nf3 Nxf3+ 18. Rxf3 b5 19. axb5 axb5 20. h4 gxf5 21. exf5
Kh8 22. Bg5 Bf6 23. Qd2 Rg8 24. Re1 Qd8 25. Bd3 Qf8 26. Rg3
Bb7 27. Bxb5 Bxd5 28. Bxf6+ exf6 29. Rxg8+ Kxg8 30. Qxd5 Rxb5
31. b4 Rb8 32. Re4 h5 33. Kh2 Kg7 34. Qd1 d5 35. Qxd5 cxb4
1/2-1/2

[Event "Tradewise Gibraltar"]
[Site "Caleta ENG"]
[Date "2014.01.28"]
[EventDate "2014.01.28"]
[Round "1.52"]
[Result "1-0"]
[White "Mikhail Antipov"]
[Black "Khalid Becham"]
[WhiteElo "2511"]
[BlackElo "2122"]
[PlyCount "43"]

1. e4 e5 2. Nf3 Nc6 3. Bb5 a6 4. Ba4 Nf6 5. O-O Be7 6. Re1 b5
7. Bb3 d6 8. c3 O-O 9. h3 Na5 10. Bc2 d5 11. d4 dxe4 12. Nxe5
c5 13. Bg5 Qc7 14. Bxf6 gxf6 15. Bxe4 fxe5 16. Bxa8 exd4
17. cxd4 Bf6 18. Nc3 Bxd4 19. Qf3 Kh8 20. Rad1 Qd6 21. Ne2 f5
22. b4 1-0

[Event "Tradewise Gibraltar"]
[Site "Caleta ENG"]
[Date "2014.01.29"]
[EventDate "2014.01.28"]
[Round "2.45"]
[Result "1/2-1/2"]
[White "Stephan Buchal"]
[Black "Mikhail Antipov"]
[WhiteElo "2324"]
[BlackElo "2511"]
[PlyCount "78"]

1. c4 Nf6 2. g3 e6 3. Bg2 d5 4. Nf3 Be7 5. O-O O-O 6. b3 c5
7. e3 b6 8. Bb2 Bb7 9. Nc3 dxc4 10. bxc4 Nc6 11. Qe2 Rc8
12. Rfd1 Qc7 13. Rac1 Na5 14. Nb5 Qb8 15. d3 a6 16. Nc3 b5
17. Nd2 Bxg2 18. Kxg2 Rfd8 19. Ba1 Qb7+ 20. Kg1 Rd7 21. Nce4
Nxe4 22. Nxe4 f5 23. Nd2 Rcd8 24. d4 Nxc4 25. Nxc4 bxc4
26. Qxc4 Kf7 27. Re1 cxd4 28. Bxd4 h5 29. Qc6 Qb5 30. Qf3 g6
31. Qf4 g5 32. Qf3 g4 33. Qf4 Kg6 34. Rb1 Qd5 35. Bb6 Rf8
36. e4 Qxa2 37. Be3 Rh8 38. Ra1 Qc2 39. Rxa6 Qxe4 1/2-1/2

[Event "Tradewise Gibraltar"]
[Site "Caleta ENG"]
[Date "2014.01.30"]
[EventDate "2014.01.28"]
[Round "3.39"]
[Result "1/2-1/2"]
[White "Mikhail Antipov"]
[Black "Johan Salomon"]
[WhiteElo "2511"]
[BlackElo "2308"]
[PlyCount "149"]

1. e4 e5 2. Nf3 Nc6 3. Bb5 Nf6 4. d3 d6 5. c3 Be7 6. O-O O-O
7. Re1 a6 8. Ba4 b5 9. Bc2 Nb8 10. d4 Nbd7 11. Nbd2 Bb7
12. Nf1 Re8 13. Ng3 Bf8 14. Bg5 h6 15. Bd2 g6 16. Qc1 h5
17. b3 c6 18. Bg5 Qc7 19. Qd2 Nh7 20. Be3 Bg7 21. Rad1 Rad8
22. Bd3 Ndf8 23. Qc2 Ne6 24. Bf1 Bf6 25. Ne2 Nhg5 26. Nxg5
Bxg5 27. Qc1 Bxe3 28. Qxe3 c5 29. d5 Ng7 30. Qh6 Bc8 31. h4
Qe7 32. g3 Bg4 33. Bg2 Rf8 34. Kh2 Ne8 35. Ra1 Nf6 36. f3 Bd7
37. Ng1 Nh7 38. Nh3 Qf6 39. Nf2 Qg7 40. Qxg7+ Kxg7 41. f4 f6
42. Nd3 Rb8 43. Bh3 Bxh3 44. Kxh3 Rfe8 45. Kg2 Nf8 46. fxe5
fxe5 47. b4 c4 48. Nf2 Nd7 49. a4 Ra8 50. Nh3 Nb6 51. Ng5 Nxa4
52. Ne6+ Rxe6 53. dxe6 Kf6 54. Re3 Kxe6 55. Rf3 a5 56. bxa5
Nc5 57. Re3 Nb3 58. Ra3 Rxa5 59. Rxa5 Nxa5 60. g4 Nb3 61. gxh5
gxh5 62. Kf3 Nc5 63. Ke2 Nd3 64. Rg3 Nf4+ 65. Ke3 d5 66. exd5+
Nxd5+ 67. Kd2 e4 68. Rg6+ Ke5 69. Rg5+ Kd6 70. Rxh5 e3+
71. Kc2 b4 72. cxb4 Nxb4+ 73. Kc3 Nd3 74. Rh8 e2 75. Re8
1/2-1/2

[Event "Tradewise Gibraltar"]
[Site "Caleta ENG"]
[Date "2014.01.31"]
[EventDate "2014.01.28"]
[Round "4.36"]
[Result "0-1"]
[White "Sarah Hoolt"]
[Black "Mikhail Antipov"]
[WhiteElo "2331"]
[BlackElo "2511"]
[PlyCount "126"]

1. e4 c5 2. Nf3 d6 3. d4 cxd4 4. Nxd4 Nf6 5. Nc3 a6 6. h3 e5
7. Nde2 h5 8. Bg5 Be7 9. Ng3 g6 10. Bc4 Be6 11. Bb3 Nbd7
12. Bxf6 Nxf6 13. Nf1 O-O 14. Ne3 Rc8 15. Qd3 Nd7 16. Ned5 Bg5
17. O-O Nc5 18. Qe2 Bh6 19. Rad1 Kh7 20. Kh2 Qh4 21. Rfe1 Bg4
22. Nf6+ Qxf6 23. hxg4 Nxb3 24. cxb3 hxg4 25. Qxg4 Qxf2
26. Re2 Qf6 27. Nd5 Qg5 28. Qxg5 Bxg5 29. Nb6 Rc6 30. Nc4 Rd8
31. Rd5 Kg7 32. Kg3 f5 33. Na5 Rc7 34. Nc4 Rc6 35. Na5 Rc7
36. Nc4 Rcd7 37. Nb6 Re7 38. Kf3 Kf6 39. Rd3 Ke6 40. Nd5 Rh7
41. g3 Rc8 42. Rc3 Rc6 43. Rec2 Rxc3+ 44. bxc3 Rh1 45. Re2 Rd1
46. c4 Rd3+ 47. Kg2 f4 48. gxf4 exf4 49. Rf2 Ke5 50. Rf3 Rd2+
51. Rf2 Rd4 52. Nc3 Bh4 53. Rf3 g5 54. Kh3 Be1 55. Nd5 Rd2
56. Rf1 Rd3+ 57. Kg4 Rg3+ 58. Kh5 Bd2 59. Rf2 Be3 60. Rh2 Bg1
61. Rd2 g4 62. Rd1 f3 63. b4 Kxe4 0-1

[Event "Tradewise Gibraltar"]
[Site "Caleta ENG"]
[Date "2014.02.02"]
[EventDate "2014.01.28"]
[Round "6.35"]
[Result "0-1"]
[White "Jovana Vojinovic"]
[Black "Mikhail Antipov"]
[WhiteElo "2335"]
[BlackElo "2511"]
[PlyCount "31"]

1. Nf3 Nf6 2. g3 d5 3. Bg2 c6 4. O-O Bg4 5. c4 e6 6. Ne5 Bf5
7. cxd5 cxd5 8. Qb3 Qb6 9. Qxb6 axb6 10. b3 Bd6 11. Bb2 O-O
12. Re1 Na6 13. Nf3 Bg6 14. Nh4 Nb4 15. Nxg6 hxg6 16. Na3 0-1

[Event "Tradewise Gibraltar"]
[Site "Caleta ENG"]
[Date "2014.02.03"]
[EventDate "2014.01.28"]
[Round "7.33"]
[Result "0-1"]
[White "Mikhail Antipov"]
[Black "Samir Lejlic"]
[WhiteElo "2511"]
[BlackElo "2345"]
[PlyCount "50"]

1. b3 Nc6 2. Bb2 d5 3. e3 Bf5 4. Nf3 Nf6 5. Be2 h6 6. O-O e6
7. Bb5 Bd6 8. Nd4 O-O 9. Nxf5 exf5 10. Qf3 g6 11. Bxc6 bxc6
12. Qh3 Kh7 13. Qh4 Be7 14. Qa4 Qd6 15. d3 Ng4 16. g3 Rg8
17. Ba3 c5 18. d4 Qe6 19. Bxc5 Nxe3 20. fxe3 Bg5 21. Nd2 Bxe3+
22. Rf2 Bxf2+ 23. Kxf2 Rae8 24. Nf1 Qe2+ 25. Kg1 Qf3 0-1

[Event "Tradewise Gibraltar"]
[Site "Caleta ENG"]
[Date "2014.02.04"]
[EventDate "2014.01.28"]
[Round "8.39"]
[Result "0-1"]
[White "Kenneth T Solomon"]
[Black "Mikhail Antipov"]
[WhiteElo "2351"]
[BlackElo "2511"]
[PlyCount "134"]

1. d4 Nf6 2. c4 e6 3. Nf3 b6 4. e3 Bb7 5. Bd3 Be7 6. O-O O-O
7. Nc3 d5 8. b3 c5 9. Bb2 cxd4 10. Nxd4 dxc4 11. Bxc4 a6
12. Rc1 b5 13. Be2 Nbd7 14. Bf3 Bxf3 15. Qxf3 Ne5 16. Qe2 Rc8
17. a4 b4 18. Nb1 Qb6 19. Nd2 Nd5 20. f4 Nc3 21. Bxc3 bxc3
22. fxe5 cxd2 23. Qxd2 Bc5 24. Qd3 Rcd8 25. Rf4 Rd5 26. Rh4 g6
27. Re4 Rfd8 28. Rc4 Rb8 29. Rc3 Qb4 30. Kf2 a5 31. Ke2 Qb7
32. Qc2 Bxd4 33. exd4 Rbd8 34. Rc4 Qe7 35. Qc1 Rb8 36. Rc3 Kg7
37. Rh3 h5 38. g4 Qb7 39. gxh5 Rxe5 40. Rxe5 Qg2+ 41. Ke1 Qg1+
42. Kd2 Qxd4+ 43. Rd3 Qxe5 44. Qc3 Qxc3+ 45. Rxc3 gxh5 46. Kc2
f5 47. Rc5 Ra8 48. Kd3 Kf6 49. Rb5 h4 50. Ke3 e5 51. Rb6+ Kg5
52. Rb5 e4 53. b4 axb4 54. Rxb4 h3 55. Rc4 Kg4 56. Rb4 Ra5
57. Rc4 Re5 58. Rc1 f4+ 59. Ke2 Ra5 60. Rg1+ Kf5 61. Ra1 Ke5
62. Kf2 Kd4 63. Rd1+ Kc3 64. Ra1 Rg5 65. Ra3+ Kd4 66. Rxh3 f3
67. Kf1 Ke3 0-1

[Event "Tradewise Gibraltar"]
[Site "Caleta ENG"]
[Date "2014.02.05"]
[EventDate "2014.01.28"]
[Round "9.33"]
[Result "1/2-1/2"]
[White "Mikhail Antipov"]
[Black "Bogdan-Daniel Deac"]
[WhiteElo "2511"]
[BlackElo "2289"]
[PlyCount "119"]

1. b3 Nf6 2. Bb2 d5 3. e3 c6 4. Nf3 Bf5 5. d4 e6 6. Bd3 Bg6
7. O-O Nbd7 8. c4 Bd6 9. Nc3 O-O 10. Bxg6 hxg6 11. Qc2 Re8
12. e4 dxe4 13. Nxe4 Nxe4 14. Qxe4 Qf6 15. Rfe1 Rad8 16. Re2
Qf5 17. Qe3 Nf6 18. h3 Qf4 19. Qd3 Qf5 20. Qc3 c5 21. dxc5
Qxc5 22. Ne5 Bf8 23. a3 a5 24. Rae1 Qc7 25. Ng4 Nxg4 26. hxg4
b6 27. g5 Rd7 28. Rd2 Rxd2 29. Qxd2 a4 30. bxa4 Rd8 31. Qc3
Qf4 32. Bc1 Qf5 33. Be3 Bc5 34. Bxc5 Qxc5 35. Qb4 Rc8 36. Rb1
Qxc4 37. Qxb6 Qxa4 38. Qb4 Ra8 39. Qd6 Qc2 40. Rb8+ Rxb8
41. Qxb8+ Kh7 42. Qh2+ Kg8 43. Qb8+ Kh7 44. Qf4 e5 45. Qe3 e4
46. Kh2 Qc7+ 47. g3 Qa5 48. Kg2 Qa4 49. Qc5 Qb3 50. Kh2 Qa4
51. Qe7 Qb3 52. Qa7 Qc2 53. g4 Qd2 54. Qe3 Qd6+ 55. Kg2 Qc6
56. Kf1 Qc2 57. Ke1 Qb1+ 58. Kd2 Qb2+ 59. Kd1 Qb1+ 60. Kd2
1/2-1/2

[Event "Tradewise Gibraltar"]
[Site "Caleta ENG"]
[Date "2014.02.06"]
[EventDate "2014.01.28"]
[Round "10.36"]
[Result "0-1"]
[White "Sophie Milliet"]
[Black "Mikhail Antipov"]
[WhiteElo "2391"]
[BlackElo "2511"]
[PlyCount "70"]

1. e4 c5 2. Nf3 d6 3. Bb5+ Bd7 4. c4 Nf6 5. Nc3 g6 6. O-O Bg7
7. d4 cxd4 8. Nxd4 O-O 9. Bxd7 Nbxd7 10. b3 a6 11. Bb2 e6
12. Qd2 Qc7 13. Rad1 Rad8 14. f3 Rfe8 15. Nc2 Nb6 16. Ne3 d5
17. cxd5 exd5 18. Nexd5 Nfxd5 19. Nxd5 Nxd5 20. Bxg7 Nf4
21. Qb2 Nd3 22. Rxd3 Rxd3 23. Bf6 Rc8 24. Qf2 Qf4 25. e5 Rd2
26. Qb6 Rcc2 27. Kh1 Rd7 28. Qa7 Rc8 29. h3 h5 30. Qb6 Rc1
31. Rxc1 Qxc1+ 32. Kh2 Qf4+ 33. Kg1 Rd1+ 34. Kf2 h4 35. Qa5
Qd4+ 0-1

[Event "FIDE World Rapid Championship"]
[Site "Dubai UAE"]
[Date "2014.06.16"]
[EventDate "2014.06.16"]
[Round "4.30"]
[Result "0-1"]
[White "Mikhail Antipov"]
[Black "Rustam Kasimdzhanov"]
[WhiteElo "2502"]
[BlackElo "2700"]
[PlyCount "130"]

1. e4 e5 2. Nf3 Nc6 3. Bb5 a6 4. Ba4 Nf6 5. O-O b5 6. Bb3 Bc5
7. c3 d6 8. d4 Bb6 9. Be3 O-O 10. h3 h6 11. Nbd2 exd4 12. cxd4
Ne7 13. Bc2 Bb7 14. Re1 Re8 15. d5 Bxe3 16. Rxe3 c6 17. dxc6
Nxc6 18. Rc1 Qb6 19. Bb1 Rad8 20. Qb3 Ne5 21. Nxe5 dxe5
22. Nf3 Rd7 23. a4 b4 24. Kh2 a5 25. Bd3 Rc7 26. Rxc7 Qxc7
27. Nd2 Bc6 28. Bb5 Bxb5 29. axb5 Rb8 30. Qa4 Nd7 31. b6 Qd6
32. Nf3 Nxb6 33. Qb5 Rc8 34. Rd3 Qc5 35. Qa6 Qxf2 36. Nxe5
Qf4+ 37. Rg3 Qxe5 38. Qxb6 Re8 39. Qc6 Re6 40. Qd5 Qc7 41. b3
Re5 42. Qa8+ Kh7 43. h4 Rc5 44. Qf8 f6 45. e5 Rxe5 46. Kh3
Qd7+ 47. Kh2 Qe7 48. Qc8 Rc5 49. Qg4 Rc3 50. Qf5+ Kh8 51. Qxa5
Qe5 52. Qxe5 fxe5 53. Rg4 Rxb3 54. Re4 Kg8 55. Rxe5 Kf7
56. Rb5 Ke6 57. h5 Kf6 58. g3 Rb1 59. Kh3 b3 60. Kg2 Ke6
61. Rb7 Kd5 62. Rxg7 Ra1 63. Rb7 Kc4 64. Rb6 Ra5 65. Rxh6 b2
0-1

[Event "FIDE World Rapid Championship"]
[Site "Dubai UAE"]
[Date "2014.06.17"]
[EventDate "2014.06.16"]
[Round "8.45"]
[Result "1-0"]
[White "Mikhail Antipov"]
[Black "Sergey Kayumov"]
[WhiteElo "2502"]
[BlackElo "2505"]
[PlyCount "69"]

1. e4 e5 2. Nf3 Nc6 3. Bc4 Bc5 4. O-O Nf6 5. d3 a6 6. c3 Ba7
7. Nbd2 O-O 8. h3 d6 9. Bb3 h6 10. Re1 Be6 11. Bc2 Nh7 12. Nf1
f5 13. d4 exd4 14. exf5 Bxf5 15. Bxf5 Rxf5 16. Qb3+ Kh8
17. Qxb7 Ne5 18. Nxd4 Bxd4 19. cxd4 Nd3 20. Qe4 Nxe1 21. Qxf5
Qf8 22. Qb1 Nf3+ 23. gxf3 Qxf3 24. Qg6 Qxh3 25. Qg2 Qc8
26. Be3 Rb8 27. b3 Rb5 28. Rc1 Nf6 29. Bf4 Qd8 30. Ng3 Rd5
31. Re1 Qd7 32. Qf3 Rxd4 33. Bxh6 Qh3 34. Bxg7+ Kh7 35. Bxf6
1-0

[Event "Qatar Masters"]
[Site "Doha QAT"]
[Date "2014.11.27"]
[EventDate "2014.11.26"]
[Round "2.54"]
[Result "1-0"]
[White "Mikhail Antipov"]
[Black "Deimante Daulyte"]
[WhiteElo "2520"]
[BlackElo "2364"]
[PlyCount "35"]

1. e4 c5 2. Nf3 Nc6 3. Bb5 g6 4. O-O Bg7 5. Re1 Nf6 6. Nc3 O-O
7. Bxc6 bxc6 8. d3 Rb8 9. e5 Nd5 10. Ne4 Qb6 11. c4 Nc7 12. b3
d5 13. exd6 Bxa1 14. dxe7 Re8 15. d4 cxd4 16. Nf6+ Kh8 17. Qd2
c5 18. Qh6 1-0

[Event "Qatar Masters"]
[Site "Doha QAT"]
[Date "2014.11.28"]
[EventDate "2014.11.26"]
[Round "3.51"]
[Result "0-1"]
[White "Saad Belouadah"]
[Black "Mikhail Antipov"]
[WhiteElo "2305"]
[BlackElo "2520"]
[PlyCount "84"]

1. d4 Nf6 2. c4 e6 3. Nc3 Bb4 4. e3 O-O 5. Bd3 c5 6. Ne2 d6
7. O-O Nc6 8. Qc2 Qe7 9. Bd2 Ba5 10. a3 Bd7 11. Rad1 Rfd8
12. Ne4 Bxd2 13. Rxd2 cxd4 14. exd4 h6 15. c5 Nxe4 16. Bxe4 d5
17. Bf3 a5 18. Nc3 Qf6 19. Rfd1 Ne7 20. Qb3 Bc6 21. a4 Rdb8
22. Nb5 b6 23. cxb6 Rxb6 24. Rc1 Nf5 25. Qd3 Bxb5 26. axb5
Rab8 27. Rc5 Nd6 28. Rdc2 g6 29. Qd2 Kg7 30. Qxa5 Nxb5 31. Rc8
Nxd4 32. Qa3 Rb4 33. R2c7 Nxf3+ 34. gxf3 Qxb2 35. Qa7 Rxc8
36. Rxc8 Qe5 37. Qc5 Qg5+ 38. Kf1 Rb1+ 39. Ke2 Qe5+ 40. Qe3
Qb2+ 41. Qd2 Qb5+ 42. Ke3 e5 0-1

[Event "Qatar Masters"]
[Site "Doha QAT"]
[Date "2014.11.29"]
[EventDate "2014.11.26"]
[Round "4.24"]
[Result "1/2-1/2"]
[White "Zahar Efimenko"]
[Black "Mikhail Antipov"]
[WhiteElo "2644"]
[BlackElo "2520"]
[PlyCount "61"]

1. e4 c5 2. Nc3 d6 3. f4 Nc6 4. Nf3 g6 5. Bb5 Bd7 6. O-O Bg7
7. d3 e6 8. f5 exf5 9. exf5 Bxf5 10. Bg5 f6 11. Bf4 Ne7
12. Ne4 Nc8 13. Ng3 Bd7 14. Bc4 Ne5 15. Bb3 Qb6 16. Kh1 Ne7
17. d4 cxd4 18. Nxd4 d5 19. Be3 Qc7 20. Nge2 O-O 21. Nf4 Qd6
22. Nde2 Kh8 23. Nxd5 Bg4 24. Ndc3 Qa6 25. Bc5 Rad8 26. Qe1
Rfe8 27. Ng3 N7c6 28. Qe4 b6 29. Bg1 Qc8 30. Qf4 Be6 31. Rad1
1/2-1/2

[Event "Qatar Masters"]
[Site "Doha QAT"]
[Date "2014.12.01"]
[EventDate "2014.11.26"]
[Round "6.23"]
[Result "0-1"]
[White "Mikhail Antipov"]
[Black "Sergei Movsesian"]
[WhiteElo "2520"]
[BlackElo "2659"]
[PlyCount "108"]

1. e4 c5 2. Nf3 e6 3. b3 d6 4. Bb2 Nd7 5. d4 cxd4 6. Nxd4 Ngf6
7. Bd3 b6 8. Qe2 Bb7 9. Nd2 a6 10. O-O-O Nc5 11. Kb1 e5
12. Nf5 g6 13. Ne3 Bg7 14. h4 O-O 15. h5 b5 16. Qf3 Qd7
17. Rh4 a5 18. Nf5 Qxf5 19. exf5 Bxf3 20. Nxf3 Nxd3 21. cxd3
Nxh5 22. Rdh1 Rfe8 23. Ng5 Bf6 24. Rg4 gxf5 25. Rgh4 Bxg5
26. Rxh5 h6 27. g3 f4 28. gxf4 Bxf4 29. Bc1 Bxc1 30. Kxc1 Kg7
31. Rxh6 Rh8 32. Rxh8 Rxh8 33. Rg1+ Kf6 34. Kd2 Ke6 35. Rc1
Kd7 36. Rg1 Rh2 37. Ke2 Rh4 38. Ke3 a4 39. Rb1 Rb4 40. Kd2 Kc6
41. Rc1+ Kd5 42. Rc3 axb3 43. axb3 f6 44. Ke3 Ke6 45. Kd2 Kd7
46. Kc1 Rf4 47. Rc2 Rf3 48. Rd2 Kc6 49. Kd1 Kc5 50. Ke2 Rf4
51. Rc2+ Kb4 52. Rc6 Rd4 53. Rb6 Rd5 54. Ke3 f5 0-1

[Event "Qatar Masters"]
[Site "Doha QAT"]
[Date "2014.12.02"]
[EventDate "2014.11.26"]
[Round "7.46"]
[Result "0-1"]
[White "Gunay Mammadzada"]
[Black "Mikhail Antipov"]
[WhiteElo "2316"]
[BlackElo "2520"]
[PlyCount "94"]

1. e4 c5 2. Nf3 d6 3. d4 cxd4 4. Nxd4 Nf6 5. Nc3 a6 6. Be3 e5
7. Nb3 Be6 8. h3 Be7 9. f4 exf4 10. Bxf4 Nc6 11. Qe2 Nd7
12. O-O-O Nce5 13. Nd4 O-O 14. Nf5 Rc8 15. Nd5 Bxf5 16. exf5
Bg5 17. Qe3 Bxf4 18. Qxf4 Nf6 19. Ne3 Nh5 20. Qf2 Qg5 21. h4
Qh6 22. Kb1 Nf6 23. Bd3 Rfe8 24. Rhe1 d5 25. g3 Rcd8 26. Ng2
d4 27. Nf4 Nfg4 28. Qe2 Ne3 29. Rc1 Kf8 30. Be4 Qb6 31. Bd3
Qf6 32. Nh5 Qc6 33. f6 g6 34. Ng7 Nf3 35. Nxe8 Rxe8 36. Rh1
Nc4 37. Qf2 Nxb2 38. h5 Na4 39. c4 g5 40. Bxh7 Nc3+ 41. Rxc3
dxc3 42. Rc1 Qxf6 43. Qc5+ Kg7 44. Bc2 Qe5 45. Qb6 Re6 46. Qd8
Qc5 47. Qd3 Qa3 0-1

[Event "Qatar Masters"]
[Site "Doha QAT"]
[Date "2014.12.03"]
[EventDate "2014.11.26"]
[Round "8.24"]
[Result "1-0"]
[White "Mikhail Antipov"]
[Black "Yuri Kuzubov"]
[WhiteElo "2520"]
[BlackElo "2661"]
[PlyCount "177"]

1. e4 g6 2. d4 Bg7 3. c3 d6 4. Nf3 Nf6 5. Bd3 O-O 6. O-O Nc6
7. h3 e5 8. Be3 d5 9. exd5 exd4 10. Nxd4 Nxd5 11. Nxc6 bxc6
12. Re1 Re8 13. Bd4 Rxe1+ 14. Qxe1 Bxd4 15. cxd4 Rb8 16. Nc3
Rxb2 17. Nxd5 Qxd5 18. Bc4 Qf5 19. Qe3 Kg7 20. Rc1 Qf6 21. Bb3
Ba6 22. d5 cxd5 23. Bxd5 Rb5 24. Bb3 Rb7 25. Bd5 Rb5 26. Bb3
Re5 27. Qxa7 c5 28. g3 Bd3 29. Qc7 g5 30. Bc4 Be4 31. Re1 h5
32. Bd3 Qe6 33. Rxe4 Rxe4 34. Bxe4 Qxe4 35. Qxc5 Kg6 36. Qb6+
f6 37. Qb3 h4 38. gxh4 Qxh4 39. Qg8+ Kf5 40. Qc8+ Ke5 41. Qc5+
Ke6 42. Qc6+ Ke7 43. Kg2 Qd4 44. a4 Qa7 45. Qe4+ Kf8 46. Qb4+
Kg7 47. a5 Qa8+ 48. Kg1 Qc8 49. Qe7+ Kg6 50. Qe4+ f5 51. Qa4
Qa6 52. Qe8+ Kh6 53. Qf8+ Kg6 54. Qc5 Qe2 55. Qc6+ Kh5 56. Qd5
Kg6 57. Qd6+ Kh5 58. Qd5 Kg6 59. Qc6+ Kh5 60. Qb7 g4 61. Qh7+
Kg5 62. h4+ Kf6 63. Qh6+ Kf7 64. Qh5+ Kg7 65. Qxf5 g3 66. fxg3
Qe1+ 67. Kg2 Qe2+ 68. Kh3 Qe1 69. Qd7+ Kh8 70. Qd4+ Kg8
71. Qc4+ Kh8 72. Qc8+ Kh7 73. Qc2+ Kh8 74. Qc8+ Kh7 75. Qd7+
Kh8 76. Qd4+ Kh7 77. Qd3+ Kh8 78. a6 Qe6+ 79. g4 Qb6 80. h5
Qc6 81. Qd4+ Kg8 82. a7 Qh1+ 83. Kg3 Qe1+ 84. Qf2 Qe5+ 85. Kh3
Qd5 86. Qe3 Kg7 87. Qe7+ Kg8 88. Qe8+ Kh7 89. a8=Q 1-0

[Event "Qatar Masters"]
[Site "Doha QAT"]
[Date "2014.12.04"]
[EventDate "2014.11.26"]
[Round "9.20"]
[Result "1-0"]
[White "Ivan Salgado Lopez"]
[Black "Mikhail Antipov"]
[WhiteElo "2622"]
[BlackElo "2520"]
[PlyCount "77"]

1. e4 c5 2. c3 d5 3. exd5 Qxd5 4. d4 Nc6 5. Nf3 Bf5 6. dxc5
Qxc5 7. Be3 Qa5 8. Qb3 Qc7 9. Na3 a6 10. Bb6 Qc8 11. O-O-O Nf6
12. Nc4 g6 13. Ng5 Be6 14. Nxe6 Qxe6 15. Be3 Bg7 16. Nb6 Qxb3
17. axb3 Rd8 18. Be2 h5 19. Kc2 Bh6 20. Bc5 Bf4 21. Bf3 Nd7
22. Nxd7 Rxd7 23. Rhe1 e6 24. Bxc6 bxc6 25. Bd4 O-O 26. Bf6
Rb7 27. Re4 Bh6 28. Rd6 Rfb8 29. b4 c5 30. Rxa6 cxb4 31. Rxb4
Rxb4 32. cxb4 Bf8 33. Be5 Rc8+ 34. Kb3 Be7 35. b5 f6 36. Rxe6
Kf7 37. Rc6 Rd8 38. Bc3 Bd6 39. b6 1-0

[Event "European Individual Championship"]
[Site "Jerusalem ISR"]
[Date "2015.03.03"]
[EventDate "2015.02.24"]
[Round "7.67"]
[Result "1/2-1/2"]
[White "Nimrod Veinberg"]
[Black "Mikhail Antipov"]
[WhiteElo "2350"]
[BlackElo "2529"]
[PlyCount "142"]

1. d4 Nf6 2. c4 e6 3. g3 c5 4. d5 exd5 5. cxd5 d6 6. Nc3 g6
7. Bg2 Bg7 8. Nf3 O-O 9. O-O Nbd7 10. Bf4 Qe7 11. Rb1 Ng4
12. Bg5 f6 13. Bc1 Nge5 14. h3 Nxf3+ 15. exf3 f5 16. Re1 Qd8
17. f4 a6 18. a4 Rb8 19. Bf1 Re8 20. Bd2 h5 21. h4 Rxe1
22. Bxe1 b6 23. b4 Qc7 24. Qb3 Bb7 25. Bd2 c4 26. Qc2 Rc8
27. Re1 Nf6 28. Bg2 Qf7 29. b5 a5 30. Be3 Ng4 31. Bd2 Bd4
32. Re2 Bc5 33. Be1 Nf6 34. Qd2 Re8 35. Rxe8+ Qxe8 36. Bf1 Ne4
37. Qe2 Qf7 38. Qxc4 Nxg3 39. Bg2 Qe7 40. Bd2 Qxh4 41. Be3
Bxe3 42. fxe3 Qe7 43. Qd4 Qg7 44. Qxg7+ Kxg7 45. Kh2 Ne4
46. Nxe4 fxe4 47. Bxe4 Kf6 48. Bf3 g5 49. Bxh5 gxf4 50. exf4
Bxd5 51. Bd1 Be4 52. Kg3 d5 53. Bf3 Bc2 54. Bxd5 Bxa4 55. Bc4
Ke7 56. Kf3 Kd6 57. Ke3 Kc5 58. f5 Bc2 59. f6 Kd6 60. Kd4 Bg6
61. Bd5 Bh5 62. Bc4 Bf3 63. Ke3 Bd1 64. Ke4 Bc2+ 65. Kd4 Bh7
66. Bd5 Bg6 67. Bb3 Bf5 68. Bd5 Bc2 69. Ba2 Bd1 70. Bc4 Bh5
71. Ke4 Bg6+ 1/2-1/2

[Event "European Individual Championship"]
[Site "Jerusalem ISR"]
[Date "2015.02.24"]
[EventDate "2015.02.24"]
[Round "1.99"]
[Result "0-1"]
[White "Itay Cohen"]
[Black "Mikhail Antipov"]
[WhiteElo "1871"]
[BlackElo "2529"]
[PlyCount "44"]

1. e4 c5 2. Nf3 d6 3. d4 cxd4 4. Nxd4 Nf6 5. Nc3 a6 6. g3 Nc6
7. Bg2 Bd7 8. O-O g6 9. Nce2 Bg7 10. c3 O-O 11. h3 Rc8 12. Kh2
b5 13. a3 Qc7 14. f4 e5 15. Nc2 Be6 16. Ne3 Na5 17. Nd5 Bxd5
18. exd5 e4 19. f5 Qc4 20. Bg5 Nb3 21. Rb1 Rc5 22. fxg6 Rxd5
0-1

[Event "European Individual Championship"]
[Site "Jerusalem ISR"]
[Date "2015.02.25"]
[EventDate "2015.02.24"]
[Round "2.24"]
[Result "1/2-1/2"]
[White "Mikhail Antipov"]
[Black "Emil Sutovsky"]
[WhiteElo "2529"]
[BlackElo "2626"]
[PlyCount "73"]

1. e4 c5 2. Nf3 Nc6 3. Bb5 g6 4. Bxc6 bxc6 5. O-O Bg7 6. Re1
Nh6 7. c3 O-O 8. h3 f5 9. e5 Nf7 10. d3 h6 11. h4 d6 12. Bf4
g5 13. hxg5 hxg5 14. Nxg5 Nxg5 15. Bxg5 dxe5 16. Qb3+ Rf7
17. Nd2 Qd6 18. f4 Be6 19. Nc4 Qd7 20. Qa4 Rb8 21. Nxe5 Bxe5
22. Rxe5 Rxb2 23. Qa3 Rc2 24. Rae1 Bxa2 25. R1e3 Qb7 26. Rxe7
Rxe7 27. Bxe7 Bd5 28. Rg3+ Kf7 29. Bd8 Qb1+ 30. Kh2 Qb8
31. Bg5 Ra2 32. Qxc5 Qh8+ 33. Kg1 Ra1+ 34. Kf2 Ra2+ 35. Kg1
Ra1+ 36. Kf2 Ra2+ 37. Kg1 1/2-1/2

[Event "European Individual Championship"]
[Site "Jerusalem ISR"]
[Date "2015.02.26"]
[EventDate "2015.02.24"]
[Round "3.34"]
[Result "1/2-1/2"]
[White "Mateusz Bartel"]
[Black "Mikhail Antipov"]
[WhiteElo "2631"]
[BlackElo "2529"]
[PlyCount "73"]

1. d4 Nf6 2. c4 e6 3. Nf3 d5 4. Nc3 Be7 5. Bf4 O-O 6. Rc1 c6
7. e3 Nbd7 8. h3 Qa5 9. Nd2 Re8 10. Be2 Bb4 11. a3 Bxc3
12. Rxc3 e5 13. dxe5 Nxe5 14. O-O Bf5 15. g4 Bc8 16. cxd5 Qxd5
17. Nf3 Ng6 18. Rd3 Qa5 19. Bh2 Be6 20. b4 Qb6 21. Nd2 a5
22. Qb1 axb4 23. Qxb4 Qxb4 24. axb4 Ra2 25. Rb1 Ne4 26. Nxe4
Rxe2 27. Nd6 Rd8 28. Rbd1 Rb2 29. e4 Rxb4 30. f4 Bc4 31. Nxc4
Rxd3 32. Rxd3 Rxc4 33. Rd8+ Nf8 34. f5 Rc1+ 35. Kg2 Rc2+
36. Kg1 Rc1+ 37. Kg2 1/2-1/2